000 01127nam a2200313 a 4500
001 000046946
005 20201002053231.0
008 091120s2016 dr a r 001 0 spa d
020 _a9945595659 (v. 1)
020 _a9945595666 (v. 2)
040 _aDO-SdBNP
_bspa
_cBNPHU
082 _axxxx
_bxxxx
100 1 _aVeles, Adalgisa
_929831
245 1 0 _aCapullito :
_bnivel inicial 3 años /
_cAdalgisa Veles, ; colaboración Viviana Falcón ; producción editorial María del Jesús de la Rosa ; ilustraciones Ramón L. Sandoval.
250 _a2a. ed.
260 _aSanto Domingo :
_bActualidad escolar,
_c2016.
300 _a4 v. :
_bil. ;
_c22 cm.
490 1 _aAraya
500 _aLibros para niños de 3 a 5 años de edad.
505 0 _gv. 1 :
_tLibro de texto
505 0 _gv. 2 :
_tLibro del maestro
590 _aInventariado, 2018/VM
700 1 _aSandoval , Ramón L.
_eil.
_929585
700 1 _aFalcón, Viviana
_ecol.
_929832
700 1 _aJesús de la Rosa, María del
_eprod. ed.
_929833
700 1 _aSandoval, Ramón L.,
_eil.
_929585
710 2 _aActualidad escolar 2000
_974858
830 0 _aAraya
_929834
999 _c46434
_d46434